Vista normal Vista MARC

Entrada Geographic Name

Número de registros utilizados en: 1

001 - CONTROL NUMBER

  • control field: 10552

003 - CONTROL NUMBER IDENTIFIER

  • control field: OSt

005 - DATE AND TIME OF LATEST TRANSACTION

  • control field: 20200918172949.0

008 - FIXED-LENGTH DATA ELEMENTS

  • fixed length control field: 200918|| aca||aabn | a|a d

040 ## - CATALOGING SOURCE

  • Original cataloging agency: OSt
  • Transcribing agency: OSt

151 ## - HEADING--GEOGRAPHIC NAME

  • Geographic name: Africa
  • General subdivision: civilización

670 ## - SOURCE DATA FOUND

  • Source citation: Work cat.: (OSt)3913: Espinosa, Germán, autor 10549, Crónicas de un caballero andante 1958-1999 / , 1999